Library Logo

Pioneer International University Library Catalogue

OF MICE AND MEN (Record no. 9408)

MARC details
000 -LEADER
fixed length control field 00321nam a22001217a 4500
005 - DATE AND TIME OF LATEST TRANSACTION
control field 20250901165811.0
008 - FIXED-LENGTH DATA ELEMENTS--GENERAL INFORMATION
fixed length control field 250324b |||||||| |||| 00| 0 eng d
020 ## - INTERNATIONAL STANDARD BOOK NUMBER
International Standard Book Number 9780582461468
050 ## - LIBRARY OF CONGRESS CALL NUMBER
Classification number PS 3537 .S74 2000
245 ## - TITLE STATEMENT
Title OF MICE AND MEN
Statement of responsibility, etc. STEINBECK JOHN
260 ## - PUBLICATION, DISTRIBUTION, ETC.
Place of publication, distribution, etc. CHINA
Name of publisher, distributor, etc. PEARSON EDUCATIONLIMITED
Date of publication, distribution, etc. 2000
942 ## - ADDED ENTRY ELEMENTS (KOHA)
Source of classification or shelving scheme Library of Congress Classification
Holdings
Withdrawn status Lost status Source of classification or shelving scheme Damaged status Not for loan Collection Home library Current library Shelving location Date acquired Source of acquisition Total checkouts Full call number Barcode Date last seen Date last checked out Price effective from Koha item type
    Library of Congress Classification       Main Library PIU Library   03/24/2025 Donation from KICD 1 PS 3537 .S74 2000 PIUD0000314 11/13/2025 10/29/2025 03/24/2025 Books
    Library of Congress Classification       Main Library PIU Library   03/24/2025 Donation from KICD 1 PS 3537 .S74 2000 PIUD0000299 04/08/2026 03/25/2026 03/24/2025 Books